| 000 | 00450nam a2200181Ia 4500 | ||
|---|---|---|---|
| 008 | 160105s9999 xx 000 0 und d | ||
| 020 | _a2-7298-1729-8 | ||
| 041 | _afre | ||
| 245 | _aL'homme dominé | ||
| 260 | _aParis | ||
| 260 | _bPayot | ||
| 260 | _c1968 | ||
| 490 | _aPetite bibliothèque Payot | ||
| 654 | _xREVOLTE/COLONISATION/PROLETARIAT/RACISME/JUIF/COLONISATION/NEGROIDE | ||
| 942 | _c09 | ||
| 994 | _a104007 | ||
| 999 |
_c3979 _d31977 |
||